000
00471nam a2200181Ia 4500
008
090123s9999 xx 000 0 und d
082
_b
42653
100
_a
मराठे रमा
245
_a
रंग सुखाचे
250
_a
3
260
_c
2001
300
_a
105
600
_a
मराठे रमा
630
_a
रंग सुखाचे
700
_a
मराठे रमा
730
_a
रंग सुखाचे
942
_c
BOOK
999
_c
80730
_d
80730